|
|
|
|
| LEADER |
00000nab a2200000 a 4500 |
| 001 |
vtls000443631 |
| 003 |
SK-MaSNL |
| 005 |
20260303201503.0 |
| 008 |
140403c1991 xo 0 slo |
| 015 |
|
|
|a SNBRB19rr/mm-uuuuu
|
| 035 |
|
|
|a CL0443761
|
| 040 |
|
|
|a SNKBUCL
|b slo
|c SNKBUCL
|e AACR2
|
| 041 |
0 |
|
|a slo
|
| 044 |
|
|
|a xo
|c SK
|
| 080 |
|
|
|a 830 (436)-1
|2 1981
|
| 100 |
1 |
|
|a Schiele, Egon
|4 aut
|9 278180
|
| 245 |
1 |
0 |
|a Pocit
|c Egon Schiele ; Ján Štrasser, Peter Zajac
|
| 500 |
|
|
|a Inform. o autorovi na s. 26.
|
| 650 |
0 |
7 |
|a básne reflexívne
|2 snkbucl
|9 898242
|
| 655 |
|
7 |
|a články z novín a časopisov
|2 snkbucl
|9 267496
|
| 655 |
|
7 |
|a články z odboru literárna veda a krásna literatúra
|2 snkbucl
|9 770045
|
| 700 |
1 |
|
|a Štrasser, Ján,
|d 1946-
|4 trl
|9 93512
|
| 700 |
1 |
|
|a Zajac, Peter,
|d 1946-
|4 trl
|9 103277
|
| 773 |
0 |
|
|t Fragment K
|g Roč. 5, č. 10 (1991), s. 43
|
| 850 |
|
|
|a Slovenská národná knižnica v Martine
|a MTA001
|
| 852 |
|
|
|a SNK
|b KIS3GCP
|
| 958 |
|
|
|a RK
|
| 958 |
|
|
|a LX
|
| 992 |
|
|
|a RBX
|
| 999 |
|
|
|c 2174450
|d 2176380
|